Consumo de sustancias psicoactivas en Colombia, 1996

Los resultados sobre consumo de sustancias psicoactivas en Colombia que se presentan, corresponden al segundo estudio nacional que sobre el tema contrató la Dirección Nacional de Estupefacientes en 1.996.

محفوظ في:
التفاصيل البيبلوغرافية
المؤلف الرئيسي: Rodríguez Ospína, Edgar
التنسيق: كتاب
اللغة:Spanish
منشور في: Bogotá: DNE ; Fundación Santa Fe de Bogotá, 1996
سلاسل:Hechos contra la droga; No. 1
الموضوعات:
الوصول للمادة أونلاين:Enlace del recurso
الوسوم: إضافة وسم
لا توجد وسوم, كن أول من يضع وسما على هذه التسجيلة!

MARC

LEADER 00000nam a2200000 a 4500
001 001255
008 030715s1996 ck a fr# #000|0#spa#d
041 0 |a spa 
043 |a s-ck--- 
082 0 4 |a 362.29  |b R526c 
100 1 |a Rodríguez Ospína, Edgar 
245 1 0 |a Consumo de sustancias psicoactivas en Colombia, 1996   |c Edgar Rodríguez Ospína 
260 |a Bogotá:  |b DNE ; Fundación Santa Fe de Bogotá,  |c 1996 
300 |a 129 p.:  |b il., tabl. 
440 0 |a Hechos contra la droga;  |v No. 1 
504 |a Incluye bibliografía. 
520 3 |a Los resultados sobre consumo de sustancias psicoactivas en Colombia que se presentan, corresponden al segundo estudio nacional que sobre el tema contrató la Dirección Nacional de Estupefacientes en 1.996. 
650 1 4 |a DROGADICCIÓN  |z COLOMBIA 
650 1 4 |a DROGADICTOS 
999 |c 3407  |d 3407 
856 |u https://catalogo.idep.edu.co/cgi-bin/koha/opac-detail.pl?biblionumber=3407  |z Enlace del recurso